| 000 | 01012cas a22002535a 4500 | ||
|---|---|---|---|
| 001 | L142829 | ||
| 008 | 080312c2005 xxkqr ws ss 0 a0eng d | ||
| 035 | _a(Sirsi) u142829 | ||
| 041 | 0 | _aeng | |
| 050 | _a333.32 $2 18 | ||
| 110 | 2 |
_aCB Richard Ellis _93675 |
|
| 245 | 0 | 0 |
_aAsia Pacific office market review _h[electronic resource] |
| 260 |
_a[S.l.] _bCBRE _c2005- |
||
| 362 | 0 | _a2005- | |
| 490 | 0 | _aCB Richard Ellis Asia Pacific Office Market Review | |
| 510 | 2 |
_aKnowledge Alert _c2006- |
|
| 520 | _aReviews prime office rents and occupancy costs across the Asia Pacific region. Tables: prime office rents and occupancy costs; prime office new supply, net absorption and vacancy; total occupancy costs. | ||
| 554 | _aFour per year | ||
| 650 | 2 | 4 | _aCB RICHARD ELLIS ASIA PACIFIC OFFICE MARKET REVIEW |
| 651 | 4 | _aAsia Pacific | |
| 690 | _aPROPERTY-COMMERCIAL PROPERTY-COMMERCIAL PROPERTY MARKET | ||
| 856 | 4 | 0 |
_uhttps://www.cbre.com/ _zView this report free of charge at www.cbre.com... |
| 942 | _n0 | ||
| 999 |
_c119170 _d119170 |
||